000 00297nam a22001337a 4500
008 170216b xxu||||| |||| 00| 0 eng d
020 _a000029571468
041 _aeng
080 _213TH
_a615
100 _a5
101 _aSHF
245 _aDRUG INFORMATION HANDBOOK
_cLACY, CH.F
942 _2udc
_cBK
999 _c5712
_d5712